|
|
|
|
| LEADER |
00000nab a2200000 a 4500 |
| 001 |
vtls000320580 |
| 003 |
SK-MaSNL |
| 005 |
20260303042932.0 |
| 008 |
111202c1987 xo 0 slo |
| 015 |
|
|
|a SNBRA19rr/mm-uuuuu
|
| 035 |
|
|
|a CL0320702
|
| 040 |
|
|
|a SNKBUCL
|b slo
|c SNKBUCL
|e AACR2
|
| 041 |
0 |
|
|a slo
|
| 044 |
|
|
|a xo
|c SK
|
| 080 |
|
|
|a 027:37.03
|2 1981
|
| 080 |
|
|
|a 37.03
|2 1981
|
| 080 |
|
|
|a 027
|2 1981
|
| 100 |
1 |
|
|a Pálková, Helena
|4 aut
|9 8318
|
| 245 |
1 |
0 |
|a Úlohy knižníc vo vlasteneckej a internacionalistickej výchove obyvateľstva
|c Helena Pálková
|
| 650 |
0 |
7 |
|a výchova k vlastenectvu
|2 snkbucl
|9 90332
|
| 650 |
0 |
7 |
|a výchova k internacionalizmu
|2 snkbucl
|9 926627
|
| 650 |
0 |
7 |
|a knižnice
|2 snkbucl
|9 17965
|
| 655 |
|
7 |
|a články zo zborníkov
|2 snkbucl
|9 166140
|
| 655 |
|
7 |
|a články z odboru knihovníctvo
|2 snkbucl
|9 166141
|
| 773 |
0 |
|
|t Knižnice vo vlasteneckej a internacionalistickej výchove
|d Martin : Matica slovenská, 1987
|
| 850 |
|
|
|a Slovenská národná knižnica v Martine
|a MTA001
|
| 852 |
|
|
|a SNK
|b KIS3GCP
|
| 958 |
|
|
|a RK
|
| 958 |
|
|
|a KL
|
| 992 |
|
|
|a RZB
|
| 999 |
|
|
|c 1694621
|d 1696551
|